000 00912nam a2200253Ia 4500
003 OSt
005 20221005110638.0
006 a|||||r|||| 00| 0
007 ta
008 221004b |||||||| |||| 00| 0 hin d
024 _a31969
037 _cTextual
040 _aCRL
_cCRL
_bhin
041 _2hin
_ahin
082 _aO152,1N292x, N4
100 _aसहाय, रघुवीर
245 0 _aप्रतिनिधि कविताएॅं संपादक सुरेश शर्मा
246 _aPratinidhi kavitāeॅan sanpādak suresh sharmā
260 _aनई दिल्ली
_bराजकमल प्रकाशन प्रा. लि. भारत
_c1994
300 _a162पृ.
_ccm.
650 _aहिन्दी कहानी
942 _hO152,1N292x, N4
_cTEXL
_2cc
999 _c1019451
_d1019451